Normal view
MARC view
- Khan, Muhammad Iftikhar
Entry Personal Name
001 - CONTROL NUMBER
- control field: 120460
003 - CONTROL NUMBER IDENTIFIER
- control field: NUST
005 - DATE AND TIME OF LATEST TRANSACTION
- control field: 20240215101609.0
008 - FIXED-LENGTH DATA ELEMENTS
- fixed length control field: 240215|| aca||aabn | a|a d
040 ## - CATALOGING SOURCE
- Original cataloging agency: NUST
- Transcribing agency: NUST
100 ## - HEADING--PERSONAL NAME
- Personal name: Khan, Muhammad Iftikhar
670 ## - SOURCE DATA FOUND
- Source citation: Work cat.: (NUST): Khan, Muhammad Iftikhar, IMPACT OF SOCIAL MEDIA USAGE (SMU) ON FIRM PERFORMANCE (FP) WITH THE MEDIATING ROLE OF BRICOLAGE (B) AND ENTREPRENEURIAL ORIENTATION (EO) AS A MODERATOR/
